UBT Library

Nutrition concepts and controversies: (Record no. 1555)

000 -LEADER
fixed length control field 00305nam a22001097a 4500
008 - FIXED-LENGTH DATA ELEMENTS--GENERAL INFORMATION
fixed length control field 160423b xxu||||| |||| 00| 0 eng d
020 ## - INTERNATIONAL STANDARD BOOK NUMBER
International Standard Book Number 0314034250
041 ## - LANGUAGE CODE
Language code of text/sound track or separate title eng
080 ## - UNIVERSAL DECIMAL CLASSIFICATION NUMBER
Universal Decimal Classification number 612.39
245 10 - TITLE STATEMENT
Title Nutrition concepts and controversies:
Statement of responsibility, etc Frances Sizer; Eleanor Whitney;Lori Waite Turner;
942 ## - ADDED ENTRY ELEMENTS (KOHA)
Source of classification or shelving scheme
Item type Books
Holdings
Withdrawn status Lost status Source of classification or shelving scheme Damaged status Not for loan Collection code Permanent location Current location Shelving location Date acquired Total Checkouts Full call number Barcode Date last seen Price effective from Koha item type
          Koleksioni i përgjithshem UBT - Lipjan UBT - Lipjan Koleksioni i përgjithshem 04/23/2016   612.39 SIZ 002-027795 04/23/2016 04/23/2016 Books
UBT Library © 2015-2024. All rights reserved University Education for Business and Technology